000 00508nam a2200181Ia 4500
003 GCL
008 140319s9999 xx 000 0 ara d
040 _aGCL /
_cGCL
082 0 4 _a822.052
_bج ى
100 1 _aجورديمر، نادين
245 1 0 _aالياقوتة /
_cجورديمر، نادين
700 1 _aسمير عبدربه
300 _a117 ص
490 _aجزائز عالمية
_v0
650 0 4 _aالادب
650 0 4 _aالادب الانجليزى المترجم
942 _2ddc
_cBK
999 _c40668
_d40668